Loading...
History - Euro History | 0 | 3 | 1 | 2 | 25 | 98 | 119.33 | 0 | 1 |
Arts - Other Arts | 1 | 1 | 0 | 0 | 25 | 67 | 83.00 | 0 | 2 |
History - Other History | 1 | 1 | 0 | 1 | 25 | 69 | 89.00 | 1 | 2 |
History - Other History | 0 | 2 | 0 | 1 | 20 | 112 | 118.00 | 0 | 1 |
Arts - Music | 1 | 0 | 0 | 0 | 15 | 25 | 25.00 | 1 | 1 |
History - American History | 0 | 2 | 1 | 1 | 15 | 94 | 113.50 | 0 | 2 |
History - World History | 0 | 2 | 1 | 0 | 15 | 78 | 87.00 | 0 | 1 |
Other - Geo/CE | 1 | 0 | 0 | 0 | 15 | 51 | 51.00 | 0 | 0 |
Beliefs - Religion | 0 | 1 | 0 | 0 | 10 | 75 | 75.00 | 0 | 1 |
Thought - Social Science | 0 | 1 | 0 | 0 | 10 | 117 | 117.00 | 0 | 1 |
Beliefs - Mythology | 0 | 1 | 0 | 0 | 10 | 118 | 118.00 | 0 | 1 |
Beliefs - Mythology | 0 | 1 | 0 | 0 | 10 | 123 | 123.00 | 0 | 1 |
History - American History | 0 | 1 | 0 | 0 | 10 | 84 | 84.00 | 0 | 1 |
History - Euro History | 0 | 1 | 0 | 0 | 10 | 78 | 78.00 | 0 | 1 |
Arts - Painting | 0 | 1 | 0 | 0 | 10 | 126 | 126.00 | 1 | 1 |
Arts - Music | 0 | 1 | 0 | 0 | 10 | 109 | 109.00 | 0 | 0 |
History - Other History | 0 | 1 | 0 | 0 | 10 | 128 | 128.00 | 0 | 0 |
History - World History | 0 | 1 | 0 | 1 | 10 | 124 | 124.00 | 0 | 0 |
Thought - Social Science | 0 | 1 | 0 | 0 | 10 | 99 | 99.00 | 0 | 1 |
Other - Geo/CE | 0 | 1 | 0 | 1 | 10 | 123 | 123.00 | 0 | 1 |
History - Euro History | 0 | 0 | 1 | 0 | -5 | 0.00 | 0 | 0 | |
Arts - Painting | 0 | 0 | 1 | 0 | -5 | 0.00 | 0 | 0 | |
History - Euro History | 0 | 0 | 1 | 0 | -5 | 0.00 | 0 | 0 |